| 000 | 01088cab a2200181 4500 | ||
|---|---|---|---|
| 001 | ##L132424 | ||
| 008 | 060206n2006 000 0 eng u | ||
| 035 | _a(Sirsi) u132424 | ||
| 041 | 0 | _aeng | |
| 100 | 1 | _aBlackman, David | |
| 245 | _aClock running down for funding regime | ||
| 260 | _c2006 | ||
| 490 | 0 |
_aPlanning (for the Natural and Built Environment) _v(1653) 27 January 2006, 14-15(2) |
|
| 520 | _aDiscusses the potential impact on UK regeneration of the shake-up of EU regional funding at the end of 2006 when Objective 1, 2 and 3 structure funds will be scrapped and replaced by convergence and competitiveness funds. Reports that the UK government for long seeking to gain more control over regional aid funding has withdrawn its 2003 offer to make good the reduction in European regional spending from its own resources if it is given complete control over regional aid programmes, Reviews how regeneration groups are exploring alternative methods of securing scheme funding. | ||
| 590 | _aIKA140206 | ||
| 690 | _aPROPERTY-PROPERTY MANAGEMENT-REGENERATION | ||
| 942 | _n0 | ||
| 999 |
_c76433 _d76433 |
||